| 000 | 01046nam0a22002891 4500 | ||
|---|---|---|---|
| 001 | rc\2610387 | ||
| 005 | 20250623134451.0 | ||
| 035 | _a(NLR Aleph) 006774265 | ||
| 090 |
_a5976970 _c5976970 |
||
| 100 | _a20110914d1930 |||y0rusy50 ca | ||
| 101 | 0 | _arus | |
| 102 | _aRU | ||
| 105 | _aa z ||||| | ||
| 200 | 1 |
_aЯщик с песком для тактических занятий _fД. В. К. |
|
| 210 |
_aМосква _aЛенинград _cМолодая гвардия _d1930 _eЛенинград _gтип. изд-ва "Молодая гвардия" |
||
| 215 |
_a32 с. _cил., черт. _d17х12 см. |
||
| 225 | 1 | _aБиблиотечка пионера-активиста. Серия "Пионер, крепи оборону страны" | |
| 300 | _aПеред загл. автор - Д. В. К. | ||
| 702 | 1 |
_aК _bД.В. _4570 |
|
| 702 | 0 |
_aД. В. К. _4570 |
|
| 702 | 1 |
_aВ. К. _bД. _4570 |
|
| 801 | 0 |
_aRU _bNLR _gpsbo |
|
| 801 | 1 |
_aRU _bELAR _2rusmarc |
|
| 852 |
_aNLR _j30.8/4402 |
||
| 942 | _cBOOK | ||
| 980 | _aNB | ||